Представление документа в формате RUSMARC

ПолеНазваниеЗначение
  Тип записи a
  Библиографический уровень m
001 Контрольный номер UONB/MAIN/ce561da67a2148d3adc2ac02a8d6cc95
005 Дата корректировки 20240131010154.6
010 Индекс ISBN __
d Цена 18 к.
9 Тираж 2000 экз.
100 Данные общей обработки __
a Данные общей обработки 20230503d1973 uy0rusy0189 ca
101 Язык документа 0_
a Язык текста rus
102 Страна публикации __
a Страна публикации RU
105 Кодированные данные (монография) __
a Кодированные данные (монография) a z 000yy
200 Заглавие и сведения об ответственности 1_
a Заглавие Люди немеркнущей славы
f Первые сведения об ответственности Х.Ш. Арсланбеков
210 Выходные данные 1_
a Место издания Махачкала
c Издательство Дагучпедгиз
d Дата издания 1973
215 Физическое описание __
a Объем 95 с.
c Иллюстрации/тип воспроизводства ил.
d Формат 20 см
607 Географические рубрики __
a Географическое наименование Дагестанская АССР
x Тематический подзаголовок История
610 Ключевые слова 0_
a Ключевые слова история Дагестана
686 Индексы других классификаций __
a Классификационный индекс 63.3(2Рос.Даг)
2 Код системы rubbk
700 Автор _1
a Фамилия Арсланбеков
b Имя (инициалы) Х.Ш.
g Полное личное имя Хизри Шарапутдинович
801 Источник записи _0
a Страна RU
b Организация Ульяновская ОНБ
c Дата составления 20230503
g Правила каталогизации RCR
801 Источник записи _1
a Страна RU
b Организация Ульяновская ОНБ
c Дата составления 20230503
g Правила каталогизации RCR
901 Тип документа __
t Тип документа m
909 Создатель записи __
a Создатель записи Пряхина
b Дата создания записи 20230503